France - Statistics

General Stats
  • This quiz has been taken 4 times
  • The average score is 3 of 6
Answer Stats
Hint Answer % Correct
Highest point 4,810 m
100%
Smalllest bordering country Monaco
100%
Largest bordering country Brazil
75%
Neighbouring countries 10
50%
Area 643,801
0%
Population (as of July 1 2024) 66,548,530
0%
No matching quizzes found
Score Distribution
Percent of People with Each Score
Percentile by Number Answered
Your Score History
You have not taken this quiz